| 000 | 00591nam a2200205Ia 4500 | ||
|---|---|---|---|
| 005 | 20250326143819.0 | ||
| 008 | 250326s9999 xx 000 0 und d | ||
| 020 | _a81-203-0892-1 | ||
| 037 | _aTextbook | ||
| 040 |
_aFMSL _beng _cFMSL |
||
| 041 |
_aeng _2eng |
||
| 084 |
_aB2810bD N5 _qFMSL |
||
| 100 | _aJohnson Richard A | ||
| 245 | 0 |
_aMiller and Freund Probability and statistics for engineers _cJohnson Richard A |
|
| 250 | _a5 | ||
| 260 |
_aNew Delhi _bNew Delhi, Prentice hall _c1994 |
||
| 300 | _ax,630 | ||
| 942 |
_cTB _hB2810bD N5 |
||
| 999 |
_c1301159 _d1301159 |
||